000 00523nam a2200217Ia 4500
003 OSt
005 20220923225701.0
006 a|||||r|||| 00| 0
007 ta
008 Pun
024 _a273,442
037 _cTextual
040 _aARTS
_cARTS
_bPun
041 _2Pun
_aPun
082 _aO153(Y11):g, L9
245 0 _aਪੰਜਾਬੀ ਬਾਲ ਸਾਹਿਤ
260 _c1979
650 _aਪੰਜਾਬੀ ਸਾਹਿਤ
942 _hO153(Y11):g, L9
_cTEXL
_2CC
999 _c379833
_d379833